Escrits per al teatre : pròlegs i ponències / Ricard Salvat ; a cura de Maria-Josep Ragué i Arias pròlegs i ponències / Ricard Salvat ; a cura de Maria-Josep Ragué i Arias
Descripción Física:
449 p. ; 22 cm
Colección:
Monografies de teatre ; 32
Otros Autores:
Ragué-Àrias, Maria Josep
Materias:
Teatre -- Reculls d'escrits
MARC
| LEADER | 00000nam a2200000Ia 4500 | ||
|---|---|---|---|
| 001 | 9230 | ||
| 008 | 160829s1990 xx 000 0 cat d | ||
| 080 | |a B-1-190 | ||
| 100 | |a Salvat, Ricard |9 29024 | ||
| 245 | |a Escrits per al teatre : |b pròlegs i ponències / Ricard Salvat ; a cura de Maria-Josep Ragué i Arias | ||
| 260 | |a Barcelona : |b Institut del Teatre de la Diputació de Barcelona, |c 1990 | ||
| 300 | |a 449 p. ; |c 22 cm | ||
| 490 | |a Monografies de teatre ; 32 | ||
| 650 | |a Teatre |x Reculls d'escrits |9 20126 | ||
| 700 | |a Ragué-Àrias, Maria Josep |9 29025 | ||
| 710 | 1 | |a Institut del Teatre (Barcelona, Catalunya) |9 52662 | |
| 901 | |a Arxiu | ||
| 942 | |n 1 | ||
| 952 | |0 0 |1 0 |4 0 |6 B1190 |7 1 |9 45023 |a Arxiu |b Arxiu |d 2016-12-01 |l 0 |o B-1-190 |p 9230 |r 2016-12-01 00:00:00 |w 2016-12-01 |y ARXIU | ||
| 999 | |c 47627 |d 47627 | ||